| 000 | 00638nam a2200205 a 4500 | ||
|---|---|---|---|
| 001 | BRCA_42 | ||
| 005 | 20190320202846.0 | ||
| 008 | 920311s1993 fr-#---##b---#001-0#eng-# | ||
| 020 | _a0415054575 | ||
| 020 | _a0415075092 | ||
| 040 |
_aDLC _cDLC _dDLC |
||
| 050 | 4 |
_aAM5 _b.I3 1993 |
|
| 245 | 1 | 0 |
_aMuseum Security and Protection _ba handbook for cultural heritage institutions _cedited by David Liston. |
| 260 |
_aParís _bICOM _c1993 |
||
| 300 |
_axiii, 319 p. _c24 cm. |
||
| 650 | 1 | 4 |
_aMuseos _vManuales _xMedidas de seguridad _9192 |
| 650 | 1 | 4 |
_aPatrimonio cultural _vManuales _xProtección _9193 |
| 700 | 1 |
_aListon, David _9194 |
|
| 942 |
_2lcc _cB |
||
| 999 |
_c42 _d42 |
||